| 000 | 00502nam a2200181 a 4500 | ||
|---|---|---|---|
| 005 | 20240803063709.0 | ||
| 008 | 080311s1999 mx r 000 0 spa d | ||
| 035 | _aUPN01000154987 | ||
| 049 | _aCG | ||
| 050 | 4 |
_aPN1080 _bF4.7 1999 |
|
| 100 | 1 | _aFlores Moctezuma, Aarón M. | |
| 245 | 1 | 0 |
_aSemillitas líricas / _cAarón M. Flores Moctezuma. |
| 250 | _a5a ed. | ||
| 260 |
_aMéxico : _bAvante, _c1999. |
||
| 300 |
_a125 p. : _bil. |
||
| 650 | 4 |
_aPoesía patriótica mexicana _91310 |
|
| 905 | _aLibro | ||
| 999 |
_c127103 _d127103 |
||